PKP General Knowledge #4 - Statistics

General Stats
  • This quiz has been taken 27 times
  • The average score is 11 of 20
Answer Stats
Hint Answer % Correct
Brother who loves cuddling Nut
95%
Who's room is refered to by many as the "freshman rides line" Chitos
91%
What country is Riley abroad in Italy
86%
Connor "____" Smith Fucking
77%
Who is the last brother to go abroad as a sophomore before Riley Kang
77%
Which brother found the best writing spot Alexander R. Roth
64%
What item did Connor Perkins buy for Garrett and was often seen stuck to upstairs windows Dildo
64%
Nut's favorite fast food chicken sandwich Popeyes
64%
What cartoon character was Mac Fortino's nickname Glen Quagmire (Giggity)
59%
The biggest hater of Pi Kapp who secretly misses us Gott
59%
Who works at Conn (other than C Song) Geo
55%
Who often went on instagram live at Garrett Will Alp
55%
Closest bar to Garrett Garrett Hill Ale House
50%
Most annoying groupme-er Bambam (Larry Steinburg)
41%
Mcdevitt's drink of choice Twisted Tea
41%
Graduated brother who was kicked out of Fedigan for vandalism Jeff
36%
Cursed barn theme Country Club
32%
What is the closest major US city that Wagner lives near San Jose
27%
Brother with hardest last name to pronounce despite it being very short Nick Gilo
18%
What did Nut get caught stealing from conn-venience last year TruFru
18%
No matching quizzes found
Score Distribution
Percent of People with Each Score
Percentile by Number Answered
Your Score History
You have not taken this quiz